| 000 | 00647cam a2200217 i 4500 | ||
|---|---|---|---|
| 020 | _a021690210X : | ||
| 082 | 0 | 0 |
_a604.2 _bABB _cL-12, P-36 |
| 100 | 1 |
_aAbbott, W. _939365 |
|
| 245 | 1 | 0 |
_aTechnical drawing / _c[by] W. Abbott. |
| 250 | _a5th ed. / | ||
| 260 |
_aGlasgow : _bBlackie, _c1959. |
||
| 300 |
_avarious pages _bill. ; _c26 cm. |
||
| 500 | _aIncludes index. | ||
| 526 |
_a0 _b0 _c0 _d604_200000000000000_ABB |
||
| 526 |
_a0 _b0 _c0 _d604_200000000000000_ABB |
||
| 526 |
_a0 _b0 _c0 _d604_200000000000000_ABB |
||
| 650 | 0 | _aMechanical drawing. | |
| 650 | 0 |
_aNUST / MCE _926909 |
|
| 700 | 1 |
_aHewitt, Thomas Herdman. _940325 |
|
| 942 |
_2ddc _cBK |
||
| 999 |
_c544653 _d544653 |
||